00310 a2200097 4500001001000000005001700010008004100027245007000068100001800138773005600156ART_4064520260410161754.0260409a 10aTratamiento de la renta financiera en el impuesto a las ganancias1 aVolman, Mario0 tDoctrina tributariag- NÂș 440 (nov. 2016)wREV4296